[Event "Russian Blitz Championship (m)"]
[Site "Sochi"]
[Date "2022.10.14"]
[Round "4.3"]
[White "Smirnov, Pavel"]
[Black "Sjugirov, Sanan"]
[Result "1/2-1/2"]
[BlackElo "2609"]
[WhiteElo "2467"]
[LiveChessVersion "1.4.8"]

1. d4 {[%clk 0:03:02]} Nf6 {[%clk 0:03:03]} 2. c4 {[%clk 0:03:03]} e6
{[%clk 0:03:04]} 3. Nf3 {[%clk 0:03:04]} Bb4+ {[%clk 0:03:03]} 4. Nbd2
{[%clk 0:03:04]} b6 {[%clk 0:02:59]} 5. a3 {[%clk 0:03:01]} Bxd2+
{[%clk 0:03:00]} 6. Qxd2 {[%clk 0:03:02]} Bb7 {[%clk 0:03:00]} 7. e3
{[%clk 0:03:03]} O-O {[%clk 0:02:59]} 8. Be2 {[%clk 0:03:03]} d5 {[%clk 0:02:50]}
9. b3 {[%clk 0:03:03]} Nbd7 {[%clk 0:02:44]} 10. Bb2 {[%clk 0:03:01]} c5
{[%clk 0:02:40]} 11. O-O {[%clk 0:03:01]} Rc8 {[%clk 0:02:33]} 12. Rac1
{[%clk 0:03:00]} Qe7 {[%clk 0:02:29]} 13. Rfd1 {[%clk 0:02:59]} Rfd8
{[%clk 0:02:28]} 14. Qe1 {[%clk 0:02:51]} h6 {[%clk 0:02:16]} 15. a4
{[%clk 0:02:50]} dxc4 {[%clk 0:01:37]} 16. bxc4 {[%clk 0:02:49]} Bc6
{[%clk 0:01:27]} 17. a5 {[%clk 0:02:21]} Ba4 {[%clk 0:01:27]} 18. Rd3
{[%clk 0:02:14]} Bc6 {[%clk 0:01:06]} 19. Ra3 {[%clk 0:02:08]} Rb8
{[%clk 0:00:53]} 20. axb6 {[%clk 0:02:06]} axb6 {[%clk 0:00:54]} 21. Rca1
{[%clk 0:02:07]} cxd4 {[%clk 0:00:51]} 22. exd4 {[%clk 0:01:52]} b5
{[%clk 0:00:49]} 23. d5 {[%clk 0:01:49]} exd5 {[%clk 0:00:22]} 24. Nd4
{[%clk 0:01:50]} Bb7 {[%clk 0:00:19]} 25. cxb5 {[%clk 0:01:39]} Re8
{[%clk 0:00:20]} 26. Qd2 {[%clk 0:01:19]} Ne4 {[%clk 0:00:21]} 27. Qf4
{[%clk 0:01:12]} Ndf6 {[%clk 0:00:17]} 28. Re3 {[%clk 0:00:39]} Qb4
{[%clk 0:00:14]} 29. Rb3 {[%clk 0:00:38]} Qd2 {[%clk 0:00:15]} 30. Qxd2
{[%clk 0:00:29]} Nxd2 {[%clk 0:00:16]} 31. Rc3 {[%clk 0:00:26]} Nfe4
{[%clk 0:00:10]} 32. Rc7 {[%clk 0:00:26]} Nc4 {[%clk 0:00:05]} 33. Bxc4
{[%clk 0:00:20]} dxc4 {[%clk 0:00:06]} 34. Rxc4 {[%clk 0:00:20]} Rec8
{[%clk 0:00:07]} 35. Rxc8+ {[%clk 0:00:17]} Rxc8 {[%clk 0:00:09]} 36. f3
{[%clk 0:00:18]} Nd6 {[%clk 0:00:10]} 37. Ra7 {[%clk 0:00:16]} Rc4
{[%clk 0:00:10]} 38. Kf2 {[%clk 0:00:14]} Rb4 {[%clk 0:00:10]} 39. Ba1
{[%clk 0:00:15]} Rb1 {[%clk 0:00:09]} 40. Bc3 {[%clk 0:00:13]} Bd5
{[%clk 0:00:08]} 41. Ra5 {[%clk 0:00:07]} Bc4 {[%clk 0:00:08]} 42. Ra8+
{[%clk 0:00:07]} Kh7 {[%clk 0:00:09]} 43. Ra7 {[%clk 0:00:06]} Nxb5
{[%clk 0:00:08]} 44. Nxb5 {[%clk 0:00:07]} Rxb5 {[%clk 0:00:09]} 1/2-1/2

[Event "Russian Blitz Championship (m)"]
[Site "Sochi"]
[Date "2022.10.14"]
[Round "4.4"]
[White "Turov, Maxim"]
[Black "Pridorozhni, Aleksei"]
[Result "0-1"]
[BlackElo "2581"]
[WhiteElo "2465"]
[LiveChessVersion "1.4.8"]

1. e4 {[%clk 0:03:03]} c5 {[%clk 0:03:03]} 2. Nc3 {[%clk 0:03:03]} Nc6
{[%clk 0:03:03]} 3. Bb5 {[%clk 0:03:04]} Nd4 {[%clk 0:03:03]} 4. Nf3
{[%clk 0:03:04]} e6 {[%clk 0:03:04]} 5. O-O {[%clk 0:03:01]} Qc7 {[%clk 0:02:58]}
6. Re1 {[%clk 0:02:51]} Bd6 {[%clk 0:02:56]} 7. g3 {[%clk 0:02:41]} Nxf3+
{[%clk 0:02:54]} 8. Qxf3 {[%clk 0:02:41]} Ne7 {[%clk 0:02:51]} 9. Bf1
{[%clk 0:02:35]} a6 {[%clk 0:02:52]} 10. d3 {[%clk 0:02:25]} Nc6 {[%clk 0:02:44]}
11. Qg4 {[%clk 0:02:14]} Be5 {[%clk 0:02:35]} 12. f4 {[%clk 0:01:52]} Bd4+
{[%clk 0:02:32]} 13. Kh1 {[%clk 0:01:52]} h5 {[%clk 0:02:07]} 14. Qe2
{[%clk 0:01:41]} d6 {[%clk 0:02:00]} 15. Nd1 {[%clk 0:01:32]} b5 {[%clk 0:01:53]}
16. c3 {[%clk 0:01:29]} Bf6 {[%clk 0:01:54]} 17. Nf2 {[%clk 0:01:24]} b4
{[%clk 0:01:44]} 18. Bd2 {[%clk 0:01:23]} bxc3 {[%clk 0:01:44]} 19. bxc3
{[%clk 0:01:22]} Rb8 {[%clk 0:01:44]} 20. Rab1 {[%clk 0:01:19]} Bd7
{[%clk 0:01:31]} 21. Bg2 {[%clk 0:01:18]} g6 {[%clk 0:01:16]} 22. e5
{[%clk 0:01:14]} Rxb1 {[%clk 0:01:09]} 23. Rxb1 {[%clk 0:01:14]} dxe5
{[%clk 0:01:10]} 24. Ne4 {[%clk 0:01:15]} Be7 {[%clk 0:01:11]} 25. fxe5
{[%clk 0:01:14]} h4 {[%clk 0:00:49]} 26. Bf4 {[%clk 0:01:02]} g5 {[%clk 0:00:38]}
27. Bxg5 {[%clk 0:00:28]} Bxg5 {[%clk 0:00:36]} 28. Nxg5 {[%clk 0:00:22]} hxg3
{[%clk 0:00:35]} 29. h3 {[%clk 0:00:08]} Rh6 {[%clk 0:00:18]} 30. d4
{[%clk 0:00:07]} cxd4 {[%clk 0:00:18]} 31. cxd4 {[%clk 0:00:08]} Nxd4
{[%clk 0:00:13]} 32. Qf1 {[%clk 0:00:06]} Nf5 {[%clk 0:00:11]} 33. Qf4
{[%clk 0:00:04]} Rh4 {[%clk 0:00:10]} 34. Qd2 {[%clk 0:00:03]} Rd4
{[%clk 0:00:07]} 35. Qb2 {[%clk 0:00:03]} Qxe5 {[%clk 0:00:04]} 36. Nf3
{[%clk 0:00:04]} Rd1+ {[%clk 0:00:03]} 37. Ng1 {[%clk 0:00:05]} Qxb2
{[%clk 0:00:03]} 38. Rxb2 Nd4 {[%clk 0:00:04]} 39. a4 {[%clk 0:00:06]} Bxa4
{[%clk 0:00:04]} 40. Rb4 {[%clk 0:00:08]} Bb5 {[%clk 0:00:05]} 41. h4
{[%clk 0:00:09]} Ne2 {[%clk 0:00:07]} 0-1

[Event "Russian Blitz Championship (m)"]
[Site "Sochi"]
[Date "2022.10.14"]
[Round "4.5"]
[White "Savchenko, Boris"]
[Black "Faizrakhmanov, Ramil"]
[Result "1/2-1/2"]
[BlackElo "2421"]
[WhiteElo "2530"]
[LiveChessVersion "1.4.8"]

1. e4 {[%clk 0:03:02]} c5 {[%clk 0:03:03]} 2. Nf3 {[%clk 0:03:02]} d6
{[%clk 0:03:04]} 3. d4 {[%clk 0:03:02]} cxd4 {[%clk 0:03:05]} 4. Qxd4
{[%clk 0:03:03]} Nf6 {[%clk 0:03:05]} 5. h3 {[%clk 0:02:57]} Nc6 {[%clk 0:03:04]}
6. Bb5 {[%clk 0:02:58]} Bd7 {[%clk 0:03:02]} 7. Qd3 {[%clk 0:02:56]} g6
{[%clk 0:03:02]} 8. c4 {[%clk 0:02:55]} Bg7 {[%clk 0:03:02]} 9. Nc3
{[%clk 0:02:54]} O-O {[%clk 0:03:02]} 10. O-O {[%clk 0:02:53]} a6
{[%clk 0:02:58]} 11. Bxc6 {[%clk 0:02:53]} Bxc6 {[%clk 0:02:58]} 12. Nd4
{[%clk 0:02:51]} Rc8 {[%clk 0:02:57]} 13. b3 {[%clk 0:02:51]} Qa5
{[%clk 0:02:41]} 14. Bd2 {[%clk 0:02:45]} Qh5 {[%clk 0:02:39]} 15. Nd5
{[%clk 0:02:25]} Rfe8 {[%clk 0:02:30]} 16. Rae1 {[%clk 0:01:42]} e6
{[%clk 0:02:26]} 17. Nxf6+ {[%clk 0:00:52]} Bxf6 {[%clk 0:02:26]} 18. Bc3
{[%clk 0:00:52]} Bg7 {[%clk 0:02:15]} 19. Re3 {[%clk 0:00:45]} b5
{[%clk 0:02:09]} 20. cxb5 {[%clk 0:00:42]} Bxb5 {[%clk 0:01:59]} 21. Nxb5
{[%clk 0:00:42]} Qxb5 {[%clk 0:01:56]} 22. Bxg7 {[%clk 0:00:41]} Kxg7
{[%clk 0:01:55]} 23. Qxd6 {[%clk 0:00:40]} Red8 {[%clk 0:01:55]} 24. Qf4
{[%clk 0:00:37]} e5 {[%clk 0:01:47]} 25. Qg5 {[%clk 0:00:35]} h6 {[%clk 0:01:39]}
26. Qg3 {[%clk 0:00:34]} Rd2 {[%clk 0:01:36]} 27. a4 {[%clk 0:00:34]} Qc5
{[%clk 0:01:35]} 28. Kh2 {[%clk 0:00:33]} Qd4 {[%clk 0:01:32]} 29. f4
{[%clk 0:00:33]} Rcc2 {[%clk 0:01:33]} 30. Ref3 {[%clk 0:00:27]} Rxg2+
{[%clk 0:01:08]} 31. Qxg2 {[%clk 0:00:27]} Rxg2+ {[%clk 0:01:09]} 32. Kxg2
{[%clk 0:00:27]} exf4 {[%clk 0:01:03]} 33. Rxf4 {[%clk 0:00:28]} Qb2+
{[%clk 0:01:04]} 34. R1f2 {[%clk 0:00:28]} Qxb3 {[%clk 0:01:04]} 35. a5
{[%clk 0:00:25]} h5 {[%clk 0:01:01]} 36. h4 {[%clk 0:00:24]} Qb4 {[%clk 0:00:37]}
37. Rxf7+ {[%clk 0:00:23]} Kh6 {[%clk 0:00:38]} 38. Re2 {[%clk 0:00:12]} Qxa5
{[%clk 0:00:39]} 39. e5 {[%clk 0:00:13]} Qd5+ {[%clk 0:00:39]} 40. Rf3
{[%clk 0:00:13]} Qe6 {[%clk 0:00:40]} 41. Kf2 {[%clk 0:00:14]} a5
{[%clk 0:00:40]} 42. Rf4 {[%clk 0:00:14]} Qb6+ {[%clk 0:00:29]} 43. Re3
{[%clk 0:00:15]} Qe6 {[%clk 0:00:30]} 44. Ke1 {[%clk 0:00:15]} Qb6
{[%clk 0:00:29]} 45. Rfe4 {[%clk 0:00:14]} Qe6 {[%clk 0:00:29]} 46. Rf4
{[%clk 0:00:13]} Qb6 {[%clk 0:00:30]} 47. Ke2 {[%clk 0:00:14]} Qe6
{[%clk 0:00:29]} 48. Rd4 {[%clk 0:00:11]} Qb6 {[%clk 0:00:27]} 49. Kd3
{[%clk 0:00:11]} a4 {[%clk 0:00:20]} 50. e6 {[%clk 0:00:07]} Qb3+
{[%clk 0:00:21]} 51. Ke2 {[%clk 0:00:07]} Qb5+ {[%clk 0:00:18]} 52. Rdd3
{[%clk 0:00:08]} a3 {[%clk 0:00:19]} 53. e7 {[%clk 0:00:08]} a2 {[%clk 0:00:20]}
54. e8=Q {[%clk 0:00:04]} Qxe8 {[%clk 0:00:21]} 55. Rxe8 {[%clk 0:00:05]} a1=Q
{[%clk 0:00:22]} 56. Re4 {[%clk 0:00:05]} Qh1 {[%clk 0:00:19]} 57. Rf3
{[%clk 0:00:05]} Qg2+ {[%clk 0:00:20]} 58. Ke3 {[%clk 0:00:06]} Qg1+
{[%clk 0:00:21]} 59. Ke2 {[%clk 0:00:07]} 1/2-1/2

[Event "Russian Blitz Championship (m)"]
[Site "Sochi"]
[Date "2022.10.14"]
[Round "4.6"]
[White "Demidov, Mikhail"]
[Black "Shubin, Kirill"]
[Result "1/2-1/2"]
[BlackElo "2416"]
[WhiteElo "2520"]
[LiveChessVersion "1.4.8"]

1. Nf3 {[%clk 0:03:03]} Nf6 {[%clk 0:03:03]} 2. g3 {[%clk 0:03:04]} b5
{[%clk 0:03:04]} 3. Bg2 {[%clk 0:03:04]} Bb7 {[%clk 0:03:05]} 4. O-O
{[%clk 0:03:04]} e6 {[%clk 0:03:05]} 5. d3 {[%clk 0:03:05]} c5 {[%clk 0:03:05]}
6. c4 {[%clk 0:03:06]} bxc4 {[%clk 0:02:53]} 7. dxc4 {[%clk 0:03:07]} Be7
{[%clk 0:02:48]} 8. Nc3 {[%clk 0:03:05]} O-O {[%clk 0:02:38]} 9. Bf4
{[%clk 0:03:03]} d6 {[%clk 0:02:33]} 10. Qb3 {[%clk 0:02:48]} Qb6
{[%clk 0:02:15]} 11. Rfd1 {[%clk 0:02:46]} Rd8 {[%clk 0:02:10]} 12. Rd2
{[%clk 0:02:26]} Qxb3 {[%clk 0:01:50]} 13. axb3 {[%clk 0:02:27]} Nc6
{[%clk 0:01:49]} 14. Rad1 {[%clk 0:02:04]} e5 {[%clk 0:01:30]} 15. Bg5
{[%clk 0:02:01]} Na5 {[%clk 0:01:30]} 16. Bxf6 {[%clk 0:01:46]} gxf6
{[%clk 0:00:52]} 17. Nh4 {[%clk 0:00:38]} Bxg2 {[%clk 0:00:52]} 18. Kxg2
{[%clk 0:00:39]} Nxb3 {[%clk 0:00:53]} 19. Rd3 {[%clk 0:00:40]} Na5
{[%clk 0:00:48]} 20. Nd5 {[%clk 0:00:41]} Bf8 {[%clk 0:00:45]} 21. Rc1
{[%clk 0:00:35]} Rab8 {[%clk 0:00:19]} 22. Rc2 {[%clk 0:00:33]} Nc6
{[%clk 0:00:19]} 23. Ra3 {[%clk 0:00:26]} a5 {[%clk 0:00:06]} 24. Nxf6+
{[%clk 0:00:25]} Kh8 {[%clk 0:00:05]} 25. Nd5 {[%clk 0:00:23]} Nd4
{[%clk 0:00:04]} 26. Rd2 {[%clk 0:00:24]} Nb3 {[%clk 0:00:05]} 27. Rd1
{[%clk 0:00:19]} Nd4 {[%clk 0:00:06]} 28. e3 {[%clk 0:00:20]} Nc2
{[%clk 0:00:04]} 29. Ra2 {[%clk 0:00:16]} e4 {[%clk 0:00:05]} 30. Nf5
{[%clk 0:00:10]} Rb3 {[%clk 0:00:05]} 31. Rd2 {[%clk 0:00:09]} Ne1+
{[%clk 0:00:06]} 32. Kf1 {[%clk 0:00:10]} Nd3 {[%clk 0:00:07]} 33. Rxa5
{[%clk 0:00:10]} Nxb2 {[%clk 0:00:08]} 34. Ra7 {[%clk 0:00:10]} Nxc4
{[%clk 0:00:06]} 35. Rc2 {[%clk 0:00:07]} Ne5 {[%clk 0:00:07]} 36. Kg2
{[%clk 0:00:05]} Rdb8 {[%clk 0:00:05]} 1/2-1/2

[Event "Russian Blitz Championship (m)"]
[Site "Sochi"]
[Date "2022.10.14"]
[Round "4.7"]
[White "Zverev, Lev"]
[Black "Ponkratov, Pavel"]
[Result "0-1"]
[BlackElo "2515"]
[WhiteElo "2207"]
[LiveChessVersion "1.4.8"]

1. e4 {[%clk 0:03:01]} e5 {[%clk 0:03:03]} 2. Nf3 {[%clk 0:03:02]} Nc6
{[%clk 0:03:04]} 3. Bc4 {[%clk 0:03:02]} Nf6 {[%clk 0:03:04]} 4. d3
{[%clk 0:03:02]} h6 {[%clk 0:03:05]} 5. O-O {[%clk 0:03:01]} d6 {[%clk 0:03:06]}
6. c3 {[%clk 0:02:56]} g5 {[%clk 0:03:05]} 7. Be3 {[%clk 0:02:50]} Bg7
{[%clk 0:03:05]} 8. Bb3 {[%clk 0:02:33]} O-O {[%clk 0:03:01]} 9. Re1
{[%clk 0:02:14]} d5 {[%clk 0:03:02]} 10. exd5 {[%clk 0:01:56]} Nxd5
{[%clk 0:03:02]} 11. Bc5 {[%clk 0:01:39]} Re8 {[%clk 0:03:03]} 12. d4
{[%clk 0:01:40]} e4 {[%clk 0:02:03]} 13. Ne5 {[%clk 0:00:40]} f5 {[%clk 0:01:52]}
14. c4 {[%clk 0:00:28]} Nxe5 {[%clk 0:01:44]} 15. dxe5 {[%clk 0:00:21]} Nf4
{[%clk 0:01:45]} 16. Ba3 {[%clk 0:00:10]} Nd3 {[%clk 0:01:40]} 17. Re2
{[%clk 0:00:11]} Be6 {[%clk 0:01:40]} 18. Nc3 {[%clk 0:00:12]} Nxe5
{[%clk 0:01:39]} 19. Qc2 {[%clk 0:00:08]} c6 {[%clk 0:01:16]} 20. Rd1
{[%clk 0:00:08]} Qf6 {[%clk 0:01:17]} 21. c5 {[%clk 0:00:06]} Kh8
{[%clk 0:01:17]} 22. Rd6 {[%clk 0:00:04]} Rad8 {[%clk 0:01:08]} 23. Red2
{[%clk 0:00:04]} Nd3 {[%clk 0:01:08]} 24. Rxd8 {[%clk 0:00:03]} Rxd8
{[%clk 0:01:08]} 25. Ne2 {[%clk 0:00:03]} Bxb3 {[%clk 0:00:56]} 26. Qxb3
{[%clk 0:00:04]} Qe7 {[%clk 0:00:57]} 27. Qc2 {[%clk 0:00:04]} Kh7
{[%clk 0:00:50]} 28. Nc1 {[%clk 0:00:05]} Nxc1 {[%clk 0:00:39]} 29. Qxc1
{[%clk 0:00:05]} e3 {[%clk 0:00:30]} 30. Rxd8 {[%clk 0:00:04]} exf2+
{[%clk 0:00:30]} 31. Kxf2 {[%clk 0:00:04]} Qxd8 {[%clk 0:00:31]} 32. b3
{[%clk 0:00:05]} Qd4+ {[%clk 0:00:31]} 33. Kf1 {[%clk 0:00:06]} Kg6
{[%clk 0:00:30]} 34. Qe1 {[%clk 0:00:07]} Be5 {[%clk 0:00:30]} 35. g3
{[%clk 0:00:05]} Kf6 {[%clk 0:00:25]} 36. Qa5 {[%clk 0:00:04]} Qa1+
{[%clk 0:00:23]} 37. Kg2 {[%clk 0:00:04]} Qxa2+ {[%clk 0:00:21]} 38. Kf1
{[%clk 0:00:05]} Qb1+ {[%clk 0:00:20]} 39. Kg2 {[%clk 0:00:05]} Qc2+
{[%clk 0:00:21]} 40. Kf1 {[%clk 0:00:05]} Qd1+ {[%clk 0:00:21]} 41. Kf2
{[%clk 0:00:03]} Bd4+ {[%clk 0:00:22]} 42. Kg2 {[%clk 0:00:04]} Qe2+
{[%clk 0:00:23]} 0-1

[Event "Russian Blitz Championship (m)"]
[Site "Sochi"]
[Date "2022.10.14"]
[Round "4.8"]
[White "Timofeev, Artyom"]
[Black "Timerkhanov, Alexander"]
[Result "1-0"]
[BlackElo "2272"]
[WhiteElo "2579"]
[LiveChessVersion "1.4.8"]

1. e4 {[%clk 0:03:02]} c5 {[%clk 0:03:02]} 2. Nf3 {[%clk 0:03:02]} a6
{[%clk 0:03:03]} 3. g3 {[%clk 0:02:58]} b5 {[%clk 0:03:03]} 4. Bg2
{[%clk 0:02:58]} Bb7 {[%clk 0:03:04]} 5. Qe2 {[%clk 0:02:57]} e6 {[%clk 0:02:52]}
6. O-O {[%clk 0:02:54]} Nc6 {[%clk 0:02:37]} 7. c3 {[%clk 0:02:50]} Nge7
{[%clk 0:02:19]} 8. d3 {[%clk 0:02:41]} d6 {[%clk 0:02:11]} 9. Be3
{[%clk 0:02:36]} Rc8 {[%clk 0:02:00]} 10. Nbd2 {[%clk 0:02:34]} Ng6
{[%clk 0:01:46]} 11. h4 {[%clk 0:02:27]} h6 {[%clk 0:01:26]} 12. h5
{[%clk 0:02:25]} Nge5 {[%clk 0:01:27]} 13. d4 {[%clk 0:02:12]} cxd4
{[%clk 0:01:16]} 14. cxd4 {[%clk 0:02:12]} Nxf3+ {[%clk 0:01:12]} 15. Nxf3
{[%clk 0:02:11]} Be7 {[%clk 0:01:08]} 16. d5 {[%clk 0:01:43]} exd5
{[%clk 0:01:08]} 17. exd5 {[%clk 0:01:44]} Nb4 {[%clk 0:01:04]} 18. Nd4
{[%clk 0:01:44]} Bxd5 {[%clk 0:00:53]} 19. Qg4 {[%clk 0:01:39]} Bxg2
{[%clk 0:00:47]} 20. Kxg2 {[%clk 0:01:39]} Nd5 {[%clk 0:00:40]} 21. Qxg7
{[%clk 0:01:01]} Bf6 {[%clk 0:00:38]} 22. Qg4 {[%clk 0:01:02]} Nxe3+
{[%clk 0:00:34]} 23. fxe3 {[%clk 0:01:02]} Be5 {[%clk 0:00:29]} 24. Rac1
{[%clk 0:00:56]} Rxc1 {[%clk 0:00:17]} 25. Rxc1 {[%clk 0:00:57]} Qd7
{[%clk 0:00:08]} 26. Rc8+ {[%clk 0:00:56]} Ke7 {[%clk 0:00:10]} 27. Nc6+
{[%clk 0:00:54]} 1-0

[Event "Russian Blitz Championship (m)"]
[Site "Sochi"]
[Date "2022.10.14"]
[Round "4.9"]
[White "Iljiushenok, Ilia"]
[Black "Grachev, Boris"]
[Result "1/2-1/2"]
[BlackElo "2565"]
[WhiteElo "2467"]
[LiveChessVersion "1.4.8"]

1. e4 {[%clk 0:03:02]} c5 {[%clk 0:03:04]} 2. Nf3 {[%clk 0:03:03]} e6
{[%clk 0:03:05]} 3. d4 {[%clk 0:03:05]} cxd4 4. Nxd4 {[%clk 0:03:06]} Nf6
{[%clk 0:03:07]} 5. Nc3 {[%clk 0:03:06]} Nc6 {[%clk 0:03:08]} 6. Nxc6
{[%clk 0:03:07]} bxc6 {[%clk 0:03:10]} 7. e5 {[%clk 0:03:09]} Nd5
{[%clk 0:03:11]} 8. Ne4 {[%clk 0:03:10]} Bb7 {[%clk 0:03:12]} 9. Be2
{[%clk 0:03:08]} c5 {[%clk 0:03:13]} 10. O-O {[%clk 0:03:07]} Qc7
{[%clk 0:03:14]} 11. Nd6+ {[%clk 0:03:07]} Bxd6 {[%clk 0:03:14]} 12. exd6
{[%clk 0:03:07]} Qc6 {[%clk 0:03:16]} 13. f3 {[%clk 0:03:05]} c4 {[%clk 0:03:14]}
14. Qd4 {[%clk 0:03:00]} O-O {[%clk 0:03:15]} 15. Bxc4 {[%clk 0:02:50]} Qxd6
{[%clk 0:03:15]} 16. b3 {[%clk 0:02:45]} Qb6 {[%clk 0:03:13]} 17. Bb2
{[%clk 0:02:07]} Rfc8 {[%clk 0:03:07]} 18. Rf2 {[%clk 0:01:53]} Qxd4
{[%clk 0:03:05]} 19. Bxd4 {[%clk 0:01:54]} a5 {[%clk 0:02:54]} 1/2-1/2

[Event "Russian Blitz Championship (m)"]
[Site "Sochi"]
[Date "2022.10.14"]
[Round "4.10"]
[White "Afanasiev, Nikita"]
[Black "Zablotsky, Sergei"]
[Result "1-0"]
[BlackElo "2439"]
[WhiteElo "2541"]
[LiveChessVersion "1.4.8"]

1. e4 {[%clk 0:03:02]} d5 {[%clk 0:01:25]} 2. exd5 {[%clk 0:03:03]} Qxd5
{[%clk 0:01:26]} 3. Nc3 {[%clk 0:03:03]} Qd6 {[%clk 0:01:27]} 4. d4
{[%clk 0:02:59]} Nf6 {[%clk 0:01:28]} 5. Nf3 {[%clk 0:02:57]} Nc6
{[%clk 0:01:29]} 6. h3 {[%clk 0:02:22]} Bf5 {[%clk 0:01:30]} 7. Bd3
{[%clk 0:02:03]} Bxd3 {[%clk 0:01:30]} 8. Qxd3 {[%clk 0:02:04]} e6
{[%clk 0:01:31]} 9. Bg5 {[%clk 0:02:03]} Be7 {[%clk 0:01:27]} 10. O-O-O
{[%clk 0:02:03]} O-O-O {[%clk 0:01:26]} 11. Nb5 {[%clk 0:02:01]} Qd5
{[%clk 0:01:03]} 12. c4 {[%clk 0:01:43]} Qe4 {[%clk 0:01:04]} 13. Rhe1
{[%clk 0:01:39]} Qxd3 {[%clk 0:01:03]} 14. Rxd3 {[%clk 0:01:40]} a6
{[%clk 0:01:02]} 15. Nc3 {[%clk 0:01:40]} h6 {[%clk 0:01:02]} 16. Bf4
{[%clk 0:01:36]} Rd7 {[%clk 0:00:54]} 17. a3 {[%clk 0:01:26]} Rhd8
{[%clk 0:00:53]} 18. Red1 {[%clk 0:01:27]} g5 {[%clk 0:00:41]} 19. Be3
{[%clk 0:01:25]} Nh5 {[%clk 0:00:40]} 20. d5 {[%clk 0:01:20]} f6 {[%clk 0:00:23]}
21. Kc2 {[%clk 0:01:14]} Na5 {[%clk 0:00:24]} 22. b3 {[%clk 0:00:55]} exd5
{[%clk 0:00:24]} 23. Nxd5 {[%clk 0:00:55]} Bxa3 {[%clk 0:00:23]} 24. Ra1
{[%clk 0:00:52]} Rxd5 {[%clk 0:00:17]} 25. cxd5 {[%clk 0:00:47]} Bb4
{[%clk 0:00:18]} 26. Rd4 {[%clk 0:00:34]} c5 {[%clk 0:00:19]} 27. Rxb4
{[%clk 0:00:35]} cxb4 {[%clk 0:00:17]} 28. Rxa5 {[%clk 0:00:36]} Ng7
{[%clk 0:00:18]} 29. Bb6 {[%clk 0:00:34]} Re8 {[%clk 0:00:19]} 30. Rc5+
{[%clk 0:00:34]} Kb8 {[%clk 0:00:18]} 31. d6 {[%clk 0:00:31]} Ne6
{[%clk 0:00:18]} 32. d7 {[%clk 0:00:31]} Rg8 {[%clk 0:00:17]} 33. Rc4
{[%clk 0:00:28]} 1-0

[Event "Russian Blitz Championship (m)"]
[Site "Sochi"]
[Date "2022.10.14"]
[Round "4.11"]
[White "Lugovskoy, Maxim"]
[Black "Chigaev, Maksim"]
[Result "0-1"]
[BlackElo "2537"]
[WhiteElo "2394"]
[LiveChessVersion "1.4.8"]

1. e4 {[%clk 0:03:03]} c5 {[%clk 0:03:03]} 2. c3 {[%clk 0:03:03]} d5
{[%clk 0:03:04]} 3. exd5 {[%clk 0:03:04]} Nf6 {[%clk 0:03:05]} 4. Nf3
{[%clk 0:03:04]} Nxd5 {[%clk 0:03:05]} 5. d4 {[%clk 0:03:05]} cxd4
{[%clk 0:03:05]} 6. cxd4 {[%clk 0:03:03]} g6 {[%clk 0:03:05]} 7. Nc3
{[%clk 0:03:03]} Bg7 {[%clk 0:03:05]} 8. Be2 {[%clk 0:03:04]} O-O
{[%clk 0:03:05]} 9. O-O {[%clk 0:03:04]} Nc6 {[%clk 0:03:01]} 10. h3
{[%clk 0:02:49]} b6 {[%clk 0:02:59]} 11. Bg5 {[%clk 0:02:17]} Bb7
{[%clk 0:03:00]} 12. Rc1 {[%clk 0:02:17]} h6 {[%clk 0:02:35]} 13. Be3
{[%clk 0:02:18]} Nxe3 {[%clk 0:02:28]} 14. fxe3 {[%clk 0:02:19]} Rc8
{[%clk 0:02:22]} 15. Kh1 {[%clk 0:02:19]} e6 {[%clk 0:02:23]} 16. Qd2
{[%clk 0:02:14]} Ne7 {[%clk 0:02:15]} 17. Bd3 {[%clk 0:02:11]} Nf5
{[%clk 0:01:56]} 18. Bxf5 {[%clk 0:02:11]} exf5 {[%clk 0:01:57]} 19. Ne2
{[%clk 0:01:52]} Rxc1 {[%clk 0:01:51]} 20. Rxc1 {[%clk 0:01:50]} Bxf3
{[%clk 0:01:41]} 21. gxf3 {[%clk 0:01:51]} Qd5 {[%clk 0:01:42]} 22. Kg2
{[%clk 0:01:52]} Qxa2 {[%clk 0:01:40]} 23. Nc3 {[%clk 0:01:42]} Qb3
{[%clk 0:01:39]} 24. d5 {[%clk 0:01:39]} Rd8 {[%clk 0:01:40]} 25. e4
{[%clk 0:01:34]} fxe4 {[%clk 0:01:33]} 26. fxe4 {[%clk 0:01:35]} b5
{[%clk 0:01:24]} 27. Qc2 {[%clk 0:01:06]} Qb4 {[%clk 0:01:25]} 28. Rf1
{[%clk 0:00:56]} a6 {[%clk 0:01:04]} 29. Kh1 {[%clk 0:00:56]} Qc4
{[%clk 0:00:50]} 30. Qf2 {[%clk 0:00:46]} Rd7 {[%clk 0:00:50]} 31. Qf3
{[%clk 0:00:40]} b4 {[%clk 0:00:41]} 32. Ne2 {[%clk 0:00:41]} Bxb2 33. Nf4 Bg7
{[%clk 0:00:26]} 34. h4 {[%clk 0:00:15]} b3 {[%clk 0:00:27]} 35. h5
{[%clk 0:00:15]} g5 {[%clk 0:00:28]} 36. Nd3 {[%clk 0:00:11]} b2 {[%clk 0:00:15]}
37. Qh3 {[%clk 0:00:09]} Rb7 {[%clk 0:00:11]} 38. Rb1 {[%clk 0:00:07]} Rb3
{[%clk 0:00:11]} 39. d6 {[%clk 0:00:03]} Qxe4+ {[%clk 0:00:10]} 0-1

[Event "Russian Blitz Championship (m)"]
[Site "Sochi"]
[Date "2022.10.14"]
[Round "4.12"]
[White "Saidov, Bilukhadzh"]
[Black "Petrov, Nikita"]
[Result "0-1"]
[BlackElo "2528"]
[WhiteElo "2378"]
[LiveChessVersion "1.4.8"]

1. d4 {[%clk 0:03:04]} Nf6 {[%clk 0:03:02]} 2. Bg5 {[%clk 0:03:04]} d5
{[%clk 0:03:03]} 3. Bxf6 {[%clk 0:03:04]} exf6 {[%clk 0:03:04]} 4. e3
{[%clk 0:03:04]} Bd6 {[%clk 0:03:03]} 5. c4 {[%clk 0:03:02]} dxc4
{[%clk 0:03:03]} 6. Bxc4 {[%clk 0:03:03]} f5 {[%clk 0:02:55]} 7. Nf3
{[%clk 0:03:02]} O-O {[%clk 0:02:54]} 8. O-O {[%clk 0:03:02]} c6 {[%clk 0:02:52]}
9. Nc3 {[%clk 0:03:02]} Nd7 {[%clk 0:02:50]} 10. Rc1 {[%clk 0:03:00]} Nf6
{[%clk 0:02:49]} 11. Qb3 {[%clk 0:02:54]} Qe7 {[%clk 0:02:47]} 12. Rfd1
{[%clk 0:02:52]} Ne4 {[%clk 0:02:30]} 13. d5 {[%clk 0:02:37]} c5 {[%clk 0:02:30]}
14. Nb5 {[%clk 0:02:30]} Bb8 {[%clk 0:02:14]} 15. a4 {[%clk 0:02:26]} a6
{[%clk 0:02:14]} 16. Nc3 {[%clk 0:02:26]} Bd6 {[%clk 0:02:11]} 17. Bf1
{[%clk 0:01:52]} Bd7 {[%clk 0:02:05]} 18. Nxe4 {[%clk 0:01:45]} fxe4
{[%clk 0:02:05]} 19. Nd2 {[%clk 0:01:45]} b5 {[%clk 0:02:06]} 20. Qc2
{[%clk 0:01:28]} f5 {[%clk 0:02:00]} 21. Nb3 {[%clk 0:01:18]} Rac8
{[%clk 0:01:52]} 22. Na5 {[%clk 0:01:17]} f4 {[%clk 0:01:48]} 23. axb5
{[%clk 0:01:00]} fxe3 {[%clk 0:01:36]} 24. fxe3 {[%clk 0:00:58]} axb5
{[%clk 0:01:32]} 25. Nc6 {[%clk 0:00:55]} Qg5 {[%clk 0:01:33]} 26. Qxe4
{[%clk 0:00:31]} Rce8 {[%clk 0:01:29]} 27. Qd3 {[%clk 0:00:24]} Rxe3
{[%clk 0:01:24]} 28. Qc2 {[%clk 0:00:15]} Bf5 {[%clk 0:00:34]} 29. Qd2
{[%clk 0:00:09]} Be4 {[%clk 0:00:20]} 30. Rc3 {[%clk 0:00:05]} Bf4
{[%clk 0:00:17]} 31. Kh1 {[%clk 0:00:04]} Qh4 {[%clk 0:00:14]} 0-1